Florida Counties By Largest City - Statistics

General Stats
  • This quiz has been taken 59 times
  • The average score is 27 of 67
Answers on the Map
Answers color-coded by a green-red scale on the quiz's map according to % correct below.
 
Answer Stats
County City % Correct
Miami-Dade Miami
97%
Hillsborough Tampa
93%
Duval Jacksonville
90%
Orange Orlando
90%
Pinellas St. Petersburg
90%
Alachua Gainesville
87%
Monroe Key West
87%
Escambia Pensacola
87%
Leon Tallahassee
83%
Bay Panama City
80%
Broward Fort Lauderdale
77%
Marion Ocala
73%
Palm Beach West Palm Beach
73%
Lee Cape Coral
70%
Polk Lakeland
70%
St. Johns St. Augustine
70%
Volusia Deltona
60%
St. Lucie Port St. Lucie
60%
Manatee Bradenton
57%
Collier Naples
57%
Brevard Palm Bay
53%
Okeechobee Okeechobee
50%
Osceola Kissimmee
47%
Seminole Sanford
47%
Columbia Lake City
43%
Madison Madison
43%
Flagler Palm Coast
43%
Highlands Sebring
43%
Charlotte Punta Gorda
37%
Nassau Fernandina Beach
33%
Gadsden Quincy
33%
Okaloosa Crestview
30%
Suwannee Live Oak
30%
Jefferson Monticello
30%
Sarasota North Port
30%
Putnam Palatka
30%
Taylor Perry
30%
Martin Stuart
30%
Hernando Brooksville
27%
Citrus Inverness
27%
Jackson Marianna
27%
DeSoto Arcadia
23%
Lake Clermont
23%
Union Lake Butler
23%
Baker Macclenny
23%
Washington Chipley
20%
Dixie Cross City
20%
Hamilton Jasper
20%
Lafayette Mayo
20%
Santa Rosa Milton
20%
Pasco Zephyrhills
20%
Liberty Bristol
17%
Hendry Clewiston
17%
Clay Green Cove Springs
17%
Indian River Sebastian
17%
Gilchrist Trenton
17%
Calhoun Blountstown
13%
Holmes Bonifay
13%
Walton DeFuniak Springs
13%
Bradford Lawtey
13%
Franklin Carrabelle
10%
Glades Moore Haven
10%
Hardee Wauchula
10%
Gulf Wewahitchka
10%
Sumter Wildwood
10%
Levy Williston
10%
Wakulla Sopchoppy
7%
No matching quizzes found
Score Distribution
Percent of People with Each Score
Percentile by Number Answered
Your Score History
You have not taken this quiz